000 00929nam a22002177a 4500
999 _c50281
_d50281
005 20210325200533.0
008 s2549 th tha d
020 _a9743238255
040 _aNALT
041 _atha
050 _aJQ 1745.A5
_bส894ส 2549
100 0 _aเสถียร จันทิมาธร
245 1 0 _aเส้นทางสู่อำนาจ มนูญ รูปขจร อาทิตย์ กำลังเอก ใต้เงา เปรม ติณสูลานนท์ /
_cเสถียร จันทิมาธร
260 _aกรุงเทพฯ :
_bมติชน,
_c2549.
300 _a306 หน้า :
_bภาพประกอบ ;
_c21 ซม.
650 0 4 _aรัฐประหาร -- ไทย
650 0 4 _aทหาร -- กิจกรรมทางการเมือง
850 _aNALT
942 _cGB
_01
_2lcc